000 aam a22 a 4500
999 _c2732
_d2732
003 AKMAL
005 20170517155944.0
008 170517s1981 si 00 may d
020 _a981204504X
040 _aAKMAL
_cAKMAL
049 0 0 _abgk
082 0 4 _a641.53 YEW
090 0 0 _a641.53
_bYEW
090 2 0 _a641.53
_bYEW
100 1 _aYew, Betty
_95768
245 1 0 _aManisan serbanika /
_cBetty Yew ; penyunting, Sakdiah M. Din
260 _aSingapore :
_bTimes Books International,
_c1981
300 0 0 _aix, 166ms. :
_bill. bwn. ;
_c28cm
650 0 _aCookery
_95700
650 0 _aDesserts
_95769
700 0 _aSakdiah M. Din
_95770
942 _2ddc
_cBOOK